<?xml version="1.0" encoding="UTF-8"?><?xml-stylesheet type="text/xsl" href="static/style.xsl"?><OAI-PMH xmlns="http://www.openarchives.org/OAI/2.0/" xmlns:xsi="http://www.w3.org/2001/XMLSchema-instance" xsi:schemaLocation="http://www.openarchives.org/OAI/2.0/ http://www.openarchives.org/OAI/2.0/OAI-PMH.xsd"><responseDate>2026-04-27T12:55:20Z</responseDate><request verb="GetRecord" identifier="oai:uvadoc.uva.es:10324/8257" metadataPrefix="marc">https://uvadoc.uva.es/oai/request</request><GetRecord><record><header><identifier>oai:uvadoc.uva.es:10324/8257</identifier><datestamp>2024-05-27T12:41:22Z</datestamp><setSpec>com_10324_150</setSpec><setSpec>col_10324_696</setSpec></header><metadata><record xmlns="http://www.loc.gov/MARC21/slim" xmlns:doc="http://www.lyncode.com/xoai" xmlns:xsi="http://www.w3.org/2001/XMLSchema-instance" xmlns:dcterms="http://purl.org/dc/terms/" xsi:schemaLocation="http://www.loc.gov/MARC21/slim http://www.loc.gov/standards/marcxml/schema/MARC21slim.xsd">
<leader>00925njm 22002777a 4500</leader>
<datafield tag="042" ind1=" " ind2=" ">
<subfield code="a">dc</subfield>
</datafield>
<datafield tag="720" ind1=" " ind2=" ">
<subfield code="a">Juana Inés de la Cruz, Sor (1651-1695)</subfield>
<subfield code="e">author</subfield>
</datafield>
<datafield tag="260" ind1=" " ind2=" ">
<subfield code="c">1692</subfield>
</datafield>
<datafield tag="024" ind2=" " ind1="8">
<subfield code="a">CCPB000036120-8</subfield>
</datafield>
<datafield tag="024" ind2=" " ind1="8">
<subfield code="a">http://uvadoc.uva.es/handle/10324/8257</subfield>
</datafield>
<datafield tag="024" ind2=" " ind1="8">
<subfield code="a">b1585857</subfield>
</datafield>
<datafield tag="024" ind2=" " ind1="8">
<subfield code="a">U/Bc 09094</subfield>
</datafield>
<datafield ind1=" " ind2=" " tag="653">
<subfield code="a">Poesía española 1500-1700 (Periodo Clásico)</subfield>
</datafield>
<datafield tag="245" ind1="0" ind2="0">
<subfield code="a">Segundo volumen de las obras de soror [sic] Juana Ines de la Cruz , monja profesa en el Monasterio del señor San Geronimo de la ciudad de Mexico...</subfield>
</datafield>
</record></metadata></record></GetRecord></OAI-PMH>